000 01288cam a2200385 i 4500
001
003 DO-SdBNP
005 20230328132814.0
007 0000632
008 100514s 2009 mx c | 000 f spa
015 _a
017 _a
_b
020 _a9786071102348
035 _a
040 _aBPMSU
_bspa
_cBPMSU
_e
080 _a
082 4 _a650.1
_bK62h 2009
_222
100 1 _aKiyosaki, Robert T.
_d1947-
243 _r
245 1 0 _aHermano rico, hermana rica
_bdos caminos diferentes hacia Dios, el dinero y la felicidad /
_cRobert T. Kiyosaki, Emi Kiyosaki (venerable Tenzin Kacho) ; traducción Alejandra Ramos
260 _aMéxio:
_bAguilar;
_bSantillana ediciones generales,
_c2009.
300 _a400 p.:
_bretrato.
_c23 cm
500 _aIncluye datos biográficos de los autores
534 _aTítulo original :
_tRich brother rich sister: two differente paths to prosperity, god, and happines /
590 _6Inventariado, 2023/VM
600 1 4 _aKiyosaki, Robert T
_d1947-
_vAutobiografías.
650 4 _aRiqueza
650 4 _aFelicidad
650 4 _aEstilo de vida
650 4 _aEspiritualidad.
700 1 2 _aKiyosaki, Emi
700 1 2 _aRamos, Alejandra
_etrad.
910 _aYLOCKWARD/VMateo V. Control de calidad (BPMSU)
942 _2ddc
_cBK
999 _c11240
_d11240